[Event "Cracow, Spring 2009"]
[Site "SchemingMind.com"]
[Date "2009.03.29"]
[Round "-"]
[White "marekj"]
[Black "adamsrichg"]
[Result "1-0"]
[WhiteCountry "INT"]
[BlackCountry "USA"]
[WhiteElo "2269"]
[WhiteRD "77"]
[BlackElo "1914"]
[BlackRD "78"]
[GameID "198483"]

1. d4 Nf6 2. c4 e6 3. Nf3 Bb4+ 4. Bd2 Qe7 5. g3 Nc6 6. Nc3 Bxc3 7. Bxc3 Ne4 8. Qc2 Nxc3 9. Qxc3 Qb4 10. Rc1 Qxc3+
11. Rxc3 d6 12. Bg2 Bd7 13. O-O Rb8 14. d5 Ne7 15. e4 e5 16. c5 O-O 17. Rfc1 Rfc8 18. Nd2 dxc5 19. Rxc5 c6 20. d6 Ng6
21. R5c3 Rd8 22. Rd1 Bg4 23. f3 Be6 24. Nb3 Rd7 25. Nc5 Rdd8 26. Kf2 Bd7 27. Ke3 Nf8 28. f4 f6 29. f5 Be8 30. Ne6 Rd7
31. Bf1 Bf7 32. Bc4 Re8 33. Nc5 Red8 34. Nxd7 Rxd7 35. a4 Rd8 36. a5 Bxc4 37. Rxc4 Nd7 38. a6 Nb6 39. Rc2 Rd7 40. axb7 Rxb7
41. Rxc6
1-0